000 00509nam a2200205Ia 4500
003 OSt
005 20140405102244.0
008 140130s9999 xx 000 0 und d
020 _a9780516280035
050 _aQC 73.4
_b.Y68 2006
100 _aYoung, June.
_930923
245 _cJune Young.
_aEnergy is everywhere /
260 _bScholastic Inc,
_cc2006.
_aUSA :
300 _a31 p. :
_bill. col. ;
_c15 cm.
440 _v1
_930924
521 _aBR
526 _cBR
942 _cBK
_2lcc
999 _c41486
_d41486